Cuestiones ganaderas (Record no. 54819)

MARC details
000 -LEADER
campo de control de longitud fija 00674nam a22001695i 4500
001 - NÚMERO DE CONTROL
campo de control 54819
003 - IDENTIFICADOR DE NÚMERO DE CONTROL
campo de control ES-MaACL
007 - CAMPO FIJO DE DESCRIPCIÓN FÍSICA--INFORMACIÓN GENERAL
campo de control de longitud fija t|
008 - DATOS DE LONGITUD FIJA--INFORMACIÓN GENERAL
campo de control de longitud fija 960731s1897 sp ||||1| spa d
040 ## - FUENTE DE CATALOGACIÓN
Centro catalogador/agencia de origen CAM
Lengua de catalogación spa
Centro/agencia transcriptor CAM
100 1# - ENTRADA PRINCIPAL--NOMBRE DE PERSONA
Nombre de persona Galán y Gimenez, Demetrio.
9 (RLIN) 53313
245 10 - MENCIÓN DEL TÍTULO
Título Cuestiones ganaderas
Resto del título : trabajo zootécnico basado en el informe acerca de la mejora del ganado vacuno y de cerda de Galicia /
Mención de responsabilidad, etc. Demetrio Galán y Gimenez y Juan de Dios González Pizarro.
260 ## - PUBLICACIÓN, DISTRIBUCIÓN, ETC.
Lugar de publicación, distribución, etc. León :
Nombre del editor, distribuidor, etc. [s.n.],
Fecha de publicación, distribución, etc. 1897 (
Fabricante Est. tip. de los herederos de Angel González)
300 ## - DESCRIPCIÓN FÍSICA
Extensión XX, 228, [4] p. ;
Dimensiones 21 cm.
700 1# - ENTRADA AGREGADA--NOMBRE PERSONAL
Nombre de persona González Pizarro, Juan de Dios.
9 (RLIN) 58876
852 ## - LOCALIZACIÓN
Ubicación ES-MaACL
Número de control de estantería G-2584
Holdings
Estatus retirado Estado de pérdida Estado de daño No para préstamo Colección Biblioteca de origen Biblioteca actual Ubicación en estantería Fecha de adquisición Fuente de adquisición Total de préstamos Signatura topográfica completa Código de barras Visto por última vez Precio de reemplazo Tipo de ítem Koha
        Libros del s. XIX Biblioteca del Ateneo de Madrid Biblioteca del Ateneo de Madrid Depósito 2 17/01/2008     G-2584 1057604 23/02/2023 23/02/2023 Libro impreso antiguo